zpět

Detail výsledku týmu

Bartolomějka, Kolín

Datum a čas kvízu

38 Celkem bodů Celkový počet nahraných bodů na tomto kvízu bez doplňovacích otázek.
3. Pořadí na kvízu Konečné umístění týmu na tomto kvízu.

Zaznamenané odpovědi

# Otázka Odpověď Body Výsledky
1. Vandalský čin, který se udál b... mandala 1
2. Novozélandští vědci zkoumali v... úhoř 1
3. Tato 31letá modelka, pyšnící s... Aneta Vignerová 0
4. Sociální síť Facebook oznámila... o seznamku 1
5. Fotbalista Patrik Schick odeše... RB Lipsko 1
6. V tomto tématu se podíváme na... Mojžíš 1
7. Zajímavým židovským svátkem je... Ester 0
8. Jak se nazývá osmidenní židovs... Chanuka 1
9. Válka, jež vypukla 6. října 19... Jom kipur 0
10. Na závěr se vrátíme opět ke sv... B 1